| 000 | 003200000a22001090004500 | ||
|---|---|---|---|
| 090 |
_aAS _bSeriadas |
||
| 245 | 1 | 0 | _aMecopteros Amazonicos: un registro entomológico poco común para Colombia |
| 041 | 0 | _aEspañol | |
| 100 | 1 |
_aFlórez Daza, Eduardo _97310 |
|
| 942 | _cARTICULO | ||
| 773 | 1 |
_tCaldasia _345 _h2 _q353-353 _d1993 _g17 |
|
| 999 |
_c14555 _d14555 |
||